| 000 | 00613cam3a220022900 4500 | ||
|---|---|---|---|
| 001 | tmp15799905 | ||
| 003 | UPRA | ||
| 005 | 20190822091513.0 | ||
| 008 | 951102s1968 ilu eng u | ||
| 035 | _a(Sirsi) r92926 | ||
| 035 | _a(UPRA)tmp15799905 | ||
| 040 | _cUPRA | ||
| 100 | 1 |
_aStoffel, Joseph F. _6A51762.1 |
|
| 245 | 1 | 0 | _aExplosives and homemade bombs. |
| 260 |
_aSpingfield, IL : _bThomas, _c[1968] |
||
| 500 | _aFirst published in 1962. | ||
| 650 | 0 |
_aExplosives. _6S2487.1 |
|
| 650 | 0 |
_aBombs. _6S40592.1 |
|
| 949 |
_aTP270 _wlcc _mMAIN _tBOOK _lON-SHELF |
||
| 004 | 92926 | ||
| 987 | _aWITHDRAWN. | ||
| 999 |
_c125619 _d125619 |
||